The Stephen Vincent Benet pocket book / (Record no. 3445)
[ view plain ]
| 000 -CABECERA | |
|---|---|
| campo de control de longitud fija | 00666cam a2200193 a 4500 |
| 001 - NÚMERO DE CONTROL | |
| campo de control | 000003622 |
| 005 - FECHA Y HORA DE LA ÚLTIMA TRANSACCIÓN | |
| campo de control | 20200929150515.0 |
| 008 - DATOS DE LONGITUD FIJA--INFORMACIÓN GENERAL | |
| campo de control de longitud fija | 830505s1946 nyu 000 paeng |
| 040 ## - FUENTE DE LA CATALOGACIÓN | |
| Centro catalogador/agencia de origen | DO-SdBNP |
| Lengua de catalogación | spa |
| Centro/agencia transcriptor | BNPHU |
| 082 ## - NÚMERO DE LA CLASIFICACIÓN DECIMAL DEWEY | |
| Número de clasificación | 813.5 |
| Número de documento/Ítem | B465s |
| 100 1# - ENTRADA PRINCIPAL--NOMBRE DE PERSONA | |
| Nombre de persona | Benet, Stephen Vincent, |
| Fechas asociadas al nombre | 1898-1943. |
| 9 (RLIN) | 9910 |
| 245 14 - MENCIÓN DE TÍTULO | |
| Título | The Stephen Vincent Benet pocket book / |
| Mención de responsabilidad, etc. | edición e introducción, Robert Van Gelder. |
| 260 ## - PUBLICACIÓN, DISTRIBUCIÓN, ETC. | |
| Lugar de publicación, distribución, etc. | New York : |
| Nombre del editor, distribuidor, etc. | Pocket books, |
| Fecha de publicación, distribución, etc. | 1946. |
| 300 ## - DESCRIPCIÓN FÍSICA | |
| Extensión | x, 414 p. ; |
| Dimensiones | 16 cm. |
| 650 #4 - PUNTO DE ACCESO ADICIONAL DE MATERIA--TÉRMINO DE MATERIA | |
| Término de materia o nombre geográfico como elemento de entrada | Cuentos estadounidenses |
| 9 (RLIN) | 3514 |
| 650 #4 - PUNTO DE ACCESO ADICIONAL DE MATERIA--TÉRMINO DE MATERIA | |
| Término de materia o nombre geográfico como elemento de entrada | Poesía estadounidense |
| 9 (RLIN) | 6278 |
| 650 #4 - PUNTO DE ACCESO ADICIONAL DE MATERIA--TÉRMINO DE MATERIA | |
| Término de materia o nombre geográfico como elemento de entrada | Literatura estadounidense |
| 9 (RLIN) | 263 |
| 700 1# - PUNTO DE ACCESO ADICIONAL--NOMBRE DE PERSONA | |
| Nombre de persona | Van Gelder, Robert, |
| Fechas asociadas al nombre | 1904-1952, |
| Término indicativo de función/relación | ed. |
| 9 (RLIN) | 11135 |
| Estado de retiro | Estado de pérdida | Restricciones de uso | No para préstamo | Código de colección | Localización permanente | Ubicación/localización actual | Ubicación en estantería | Fecha de adquisición | Número de inventario | Total de préstamos | Signatura topográfica completa | Código de barras | Fecha visto por última vez | Precio válido a partir de | Tipo de ítem Koha |
|---|---|---|---|---|---|---|---|---|---|---|---|---|---|---|---|
| Préstamo interno | Monografías: Libros y Folletos | General | General | En catalogación | 11.07.2009 | LF1 | 813.5 B465s | 3622-10 | 25.06.2020 | 25.06.2020 | Préstamo interno |
